Top 10 Città più popolose Provincia di Cosenza - Statistics

Statistiche generali
  • Questo quiz è stato fatto 34 volte
  • Il punteggio medio è 6 su 10
Statistiche sulle risposte
Popolazione (ab.) Città % Corretto
74 848 Corigliano-Rossano
100%
69 484 Cosenza
89%
33 555 Rende
75%
16 416 Paola
64%
22 515 Castrovillari
57%
13 754 Amantea
54%
18 168 Montalto Uffugo
39%
21 458 Acri
36%
17 912 San Giovanni in Fiore
36%
17 281 Cassano all'Ionio
14%
Nessun quiz corrispondente trovato
Distribuzione punteggi
Percentuale di utenti per punteggio
Percentile per numero di risposta
I tuoi punteggi nel tempo
Non hai fatto questo quiz